Statistiken für Geschichte nach Buchstabe - H

Klicken Sie hier um das Quiz zu spielen!

Allgemein

  • Dieses Quiz wurde 891 mal gespielt
  • Das Durchschnittsergebnis liegt bei 15 aus 22

Antwortstatistiken

Hinweis Antwort % Korrekt
Erster Präsident VietnamsHo Chi Minh
97%
Durch eine Atombombe getroffene StadtHiroshima
97%
Er überquerte die Alpen mit ElefantenHannibal
94%
Das erste "H" auf dem Kfz-Kennzeichen "HH"Hansestadt
89%
Dynastie, die Österreich regierteHabsburger
87%
Genozid an den Juden während des 2. WeltkriegsHolocaust
87%
Irakisches Oberhaupt, das 2006 gehängt wurdeSaddam Hussein
77%
Ältestes College der USAHarvard
77%
Anne Boleyns EhemannHeinrich VIII.
75%
Chinesische Insel, 1842 von den Briten übernommenHongkong
73%
Zweifelhaftes Weltwunder BabylonsHängende Gärten
72%
Generalsekretär der SED in der DDR, 1971-1989Erich Honecker
72%
Römischer Kaiser, der in England eine Mauer bauteHadrian
71%
Französische Protestanten des 16. und 17. JahrhundertsHugenotten
61%
Nomadenstamm, der Rom in den 400ern bedrohteHunnen
61%
Gruppe, welche in Ruanda Tutsi abschlachteteHutu
45%
Kaiser Japans im 2. WeltkriegHirohito
45%
Wo William Harold im Jahr 1066 schlugHastings
42%
Griechischer "Vater der Geschichte"Herodot
41%
"Aufrechte" hominine ArtHomo Erectus
38%
Nachname der US-Präsidenten William und BenjaminHarrison
30%
Babylonischer König dessen Code "Auge um Auge" verordneteHammurapi
22%

Verteilung der Resultate

Perzentil nach korrekt beantworteten Fragen

Anzahl Personen mit jedem Resultat

Ihre Resultats-Entwicklung

Sie haben dieses Quiz noch nicht gespielt